000 00622nam a22002177a 4500
008 240706b mp ||||| |||| 00| 0 mon d
035 _a18694
040 _aBH0164090
_bmon
_cMN-UlNLM
_dMN-UlNLM
_erda
041 _amon
042 _a90276
084 _2NNA
_a84/2орос/
_bД-401
100 _aДефо Д.
245 0 _aРобинзон Крузо
264 _aУлаанбаатар
_bих билигт
_c2007
300 _a243х.
336 _2rdacontent
_atext
_btxt
337 _2rdamedia
_aunmediated
_bn
338 _2rdacarrier
_avolume
_bnc
650 _aРобинзон Крузо
942 _2NNA
_cBK
999 _c1116939
_d1116996